000 02433nam0a2200385 i 4500
001 RU\NLR\BIBL_A\011187603
005 20240921160832.0
010 _a9785998002472
_9100
021 _aRU
_b2016-55448
_93520
035 _a(NILC)RuMoRGB-008548601
035 _a(NLR Aleph) 011187603
090 _a11850303
_c11850303
100 _a20160802d2016 km y0rusy50 ca
101 0 _arus
102 _aRU
105 _ay z 100yy
200 1 _aИсследовательская деятельность в образовательной организации: проблемы, поиск, решения
_eсборник научных статей Межрегиональной научно-практической конференции, Саратов, 26 февраля 2016 г.
_f[под ред. Е. А. Афониной, О. В. Шрамковой]
210 _aСаратов
_cГАУ ДПО "СОИРО"
_d2016
215 _a75 с.
_d21
300 _aВ надзаг.: М-во образования Саратовской обл., Гос. автоном. учреждение доп. проф. образования "Саратовский обл. ин-т развития образования"
300 _aРез. на англ. яз.
320 _aБиблиогр. в конце ст.
606 1 _aДошкольники
_jСъезды, совещания и т.п
_xВоспитание интереса к исследовательской деятельности
_92510254
_3RU\NLR\AUTH\661488199
606 1 _aОбразовательные учреждения
_jСъезды, совещания и т.п
_xНаучно-исследовательская работа учащихся
_92524752
_3RU\NLR\AUTH\661495824
675 _a37
686 1 _aЧ411.35я431
686 1 _aЧ313.68я431
702 1 _aАфонина
_bЕ. А.
_gЕкатерина Александровна
_4340
711 1 2 _a"Исследовательская деятельность в образовательной организации: проблемы, поиск, решения", межрегиональная научно-практическая конференция
_eСаратов
_f2016
_9525344
_3RU\NLR\AUTH\880430504
801 0 _aRU
_bРГБ
_c20160714
_gRCR
942 _cBOOK
980 _aNBR